00788 2200265 4500001002100000005001500021020001800036035002400054040001200078082001800090084001800108090002200126100001800148245011500166260003300281300004200314504003100356650003300387700001800420700002400438850001200462990001600474990001600490990001600506YOGYA00000000009920820140823123547 a979-9552-18-4 0010-101300000000089 aYOPDYOG 2[22]a899.223 a899.223 Sla T aNUS 899.223 Sla T aSLAMET RIYADI aTradisi kehidupan sastra di Kasultanan YogyakartabSlamet Riyadi ; editor, Tirto Suwondo, Agustina Purwantani. aYogyakartabGama Mediac2002 axxiv, 308 hlm.bilus.c21 cm (3 eks.) aBibliografi : hlm. 251-257 aKesusastraan Jawa-Yogyakarta aTirto Suwondo aAgustina Purwantani aYOPDYOG a0163/B.2013 a0164/B.2013 a0165/B.2013